1155 1287 1071 1778 1355 1737 1197 1747 1255 1778 1112 1478 1408 1272 1116 1769 1566 1068 1232 1583 1516 1690 1355 1242 1404 1533 1761 1828 1907 1975 1986 1294 1800 1188 1208 1619 1090 1437 1745 1055 1699 1664 1598 1628 1592 1528 1345 1129 1184 1176 1089 1118 1102 1625 1234 1996 1268 1393 1152 1372 1623 1322 1723 1112 1770 1301 1082 1038 1974 1032 1345 1141 1689 1481 1555 1585 1753 1145 1357 1383 1546 1987 1102 1814 1690 1284 1875 1648 1961 1404 1982 1694 1896 1209 1097 1380 1276 1272 1391 BCNSPRNW ULIB Ver.6.0+V

เปลี่ยนเป็นภาษาไทย

Change to English
 แสดงรายละเอียดบรรณานุกรม
  กลับหน้าหลัก

Brief Record : Get Marc (ISO 2709) : E-mail record : QR code < ปิดหน้าต่าง
LEADER : 00000nam 2200000uu 4500
001    13399123124
003     ULIB
008    140309s2552||||th 000 0 tha d
099    ^aวพ.WK810^bช152พ
100    ^aชนิดา ธนสารสุธี
245    ^aพฤติกรรมสุขภาพของวัยผุ้ใหญ่ที่เสี่ยงต่อการเกิดโรคเบาหวานในเขตชนบท จังหวัดขอนแก่น^cชนิดา ธนสารสุธี
260    ^a ขอนแก่น :^bมหาวิทยาลัยขอนแก่น,^c2552
300    ^a 284 หน้า
650    ^aเบาหวาน^xวิทยานิพนธ์
945    ^p0^l0^i025769
999    ^aเกษร โพธิ์สุวรรณ
รายการนี้ยังไม่มีแท็ก
คุณยังไม่ได้ล็อกอิน คุณสามารถมีกิจกรรมร่วมกับเว็บไซต์ได้ แต่ต้องล็อกอินก่อน ::
  ล็อกอิน

รายการสื่อสารสนเทศ

ลำดับที่ ประเภท เลขเรียก/บาร์โค้ด สถานที่ สถานะ
1. วิทยานิพนธ์
วิทยานิพนธ์
วพ.WK810 ช152พ  
  Barcode: 025769
ห้องสมุดวิทยาเขตสวรรค์ประชารักษ์
► วิทยานิพนธ์
บนชั้น

รายการใกล้เคียง
    ผู้แต่ง [ชนิดา ธนสารสุธี]

BibComment


ยังไม่เคยถูกคอมเมนท์

คอมเมนท์ทรัพยากรรายการนี้
  คอมเมนท์: พฤติกรรมสุขภาพขอ..


 Copyright 2026. Bcnsprnw @Library